000 01333nmm a2200397 a 4500
003 AR-BaBNM
005 20251128203926.0
008 055119s1994 ||||||||||||||000 | spa||
020 _a84-7112-378-9
040 _cAR-BaBNM
245 1 0 _aHistoria de la educación en España y América
_bla educación en la España contemporánea [1789-1975]
260 _aMadrid
_bEdiciones SM
_bEdiciones Morata
_c1994
300 0 _a974 p.
_btablas, gráfs.
500 0 _aLa presente obra es patrocinada por la fundación Santamaria
500 0 _aIndice onomástico p. 957-974
500 0 _aLos colaboradores del presente volumen pertenecen a universidades de España y países extranjeros
504 _aBibliografía al final de cada capítulo
650 4 _aSIGLO DIECINUEVE
650 4 _aSIGLO VEINTE
650 4 _aIGLESIA Y EDUCACION
650 4 _aMOVIMIENTO OBRERO
650 4 _aSOCIALISMO
650 4 _aORDENES RELIGIOSAS
650 4 _aESCUELAS CONFESIONALES
650 4 _aALFABETIZACION
650 4 _aUNIVERSIDADES
650 4 _aENSENANZA PROFESIONAL
650 4 _aESCUELAS PUBLICAS
650 4 _aPOLITICA EDUCATIVA
650 4 _aUNIVERSIDADES
650 4 _aFORMACION DE DOCENTES
653 0 _aEDUCACION SECUNDARIA
700 1 _aDelgado Criado, Buenaventura
_ecoordinador
942 _cBK
998 _cCarmen
999 _c5492
_d5492